Puberty and adolescence

Αποθηκεύτηκε σε:
Λεπτομέρειες βιβλιογραφικής εγγραφής
Κύριος συγγραφέας: Sommer, Barbara Baker 1938-
Μορφή: Βιβλίο
Γλώσσα:English
Δημοσίευση: New York : Oxford University Press, 1978
Θέματα:
Ετικέτες: Προσθήκη ετικέτας
Δεν υπάρχουν, Καταχωρήστε ετικέτα πρώτοι!

MARC

LEADER 00000nam a2200000 i 4500
001 1/85302
008 960701s1978 eng d
020 |a 0-19-502377-3 
035 |a 1987  |c Αγορά  |l 10034665 
040 |a GR-MY-UA  |b gre  |e aacr 
041 0 |a eng 
082 0 |a 155.5 
100 1 |a Sommer, Barbara Baker  |d 1938- 
245 1 0 |a Puberty and adolescence /  |c Barbara B.Sommer 
260 |a New York :   |b Oxford University Press,   |c 1978 
300 |a 258 σ.;  |c 21 εκ. 
650 0 0 |a Adolescent psychology. 
650 0 0 |a Puberty. 
650 0 0 |a Adolescence. 
852 |a INST  |b RHODES  |e 19960701  |h 155.5 SOM  |p 005400004720  |q 005400004720  |t BK  |y 0 
909 |a Ρ  |b 006881  |c 1987